Você consegue acertar os Países das Américas que Tem a Letra ''U''? - Statistics

Estatísticas Gerais
  • Esse quiz foi jogado 92 vezes
  • A pontuação média é 12 de 15
Estatísticas das Respostas
Hint Resposta % Correto
América do Sul Uruguai
99%
América do Sul Guiana
95%
América do Sul Suriname
91%
América do Sul Venezuela
91%
América do Norte Estados Unidos
89%
América do Sul Paraguai
88%
América do Sul Peru
88%
América do Sul Equador
87%
América Central Cuba
82%
América Central Guatemala
76%
América Central Honduras
72%
América Central Nicarágua
68%
América Central República Dominicana
64%
América Central Antígua e Barbuda
62%
América Central Santa Lúcia
62%
Nenhum quiz correspondente encontrado
Distribuição das Pontuações
Porcentagem de Pessoas com Cada Pontuação
Percentil de Números Respondidos
Sua Pontuação Histórica
Você não jogou esse quiz